Praktické ponuky Košickí matičiari prispievajú k odhaľovaniu bielych miest naších dejín

Bibliographic Details
Main Author: (kch) (Author)
Corporate Author: Matica slovenská. Miestny odbor Košice (Author)
Format: Article
Language:Slovak
Subjects:

MARC

LEADER 00000nab a2200000 a 4500
001 vtls000913774
003 SK-MaSNL
005 20260303175301.0
008 040720e19910530xo 0 slo
035 |a KE22672 
040 |a KEVKJB  |b slo  |c KEVKJB  |e AACR2 
041 0 |a slo 
044 |a xo  |c SK 
080 |a 061.22  |2 1981 
100 0 |a (kch)  |4 aut  |9 847707 
245 1 0 |a Praktické ponuky  |b Košickí matičiari prispievajú k odhaľovaniu bielych miest naších dejín 
610 2 7 |a Matica slovenská.  |b Miestny odbor Košice  |2 KEVKJB  |9 145955 
650 0 7 |a činnosť  |2 KEVKJB  |9 282874 
650 0 7 |a charakteristika  |2 KEVKJB  |9 30093 
650 0 7 |a informácie  |2 KEVKJB  |9 1285 
651 7 |a KE,  |2 KEVKJB  |9 877256 
655 7 |a periodikum  |2 snkbucl  |9 29553 
710 2 |a Matica slovenská.  |b Miestny odbor Košice  |4 aut  |9 145955 
773 0 8 |t Slovenský východ  |g Roč. 1  |g Roč. 20, č.125, 30.5.1991, s. 4 
852 |a ZVYKNI  |b KIS3GCP 
999 |c 2101113  |d 2103043